000 00394nam a22001697a 4500
003 MPLRDC
005 20220104114119.0
008 210129b ||||| |||| 00| 0 eng d
020 _a962-257-239-1
082 _a782.886 JQ-3
100 _a崔万秋著
245 _a江青前传
_c
260 _a
_b天地图书有限公司
_c1988
300 _b
650 _a
942 _cBK
_o782.886 JQ-3
999 _c4917
_d4907